Music Quiz

Random Music or Rock Quiz

Pat Benatar Lyrics II Quiz Stats

 Plays Quiz not verified by Sporcle

Also try: Pat Benatar Lyrics
Challenge
Share
Tweet
Embed
Score 0/242 Timer 07:00
0 Plays Today
% Correct
a
100%
a
100%
a
100%
a
100%
a
100%
a
100%
a
100%
a
100%
a
100%
I
98.3%
I
98.3%
I
98.3%
I
98.3%
I
98.3%
I
98.3%
the
96.6%
the
96.6%
the
96.6%
the
96.6%
the
96.6%
You
94.8%
you
94.8%
you
94.8%
you
94.8%
you
94.8%
you
94.8%
You
94.8%
you
94.8%
you
94.8%
you
94.8%
you
94.8%
you
94.8%
you
94.8%
you
94.8%
you
94.8%
you
94.8%
You
94.8%
you
94.8%
you
94.8%
you
94.8%
and
93.1%
on
93.1%
and
93.1%
an
93.1%
and
93.1%
on
93.1%
and
93.1%
an
93.1%
and
93.1%
and
93.1%
and
93.1%
on
93.1%
and
93.1%
on
93.1%
and
93.1%
on
93.1%
And
93.1%
and
93.1%
in,
91.4%
be
91.4%
in
91.4%
in
91.4%
in
91.4%
be
91.4%
in
91.4%
You're
89.7%
fire
89.7%
Fire
89.7%
Fire
89.7%
my
89.7%
love
89.7%
my
89.7%
Fire
89.7%
Fire
89.7%
my
89.7%
love
89.7%
my
89.7%
You're
89.7%
your
89.7%
fire
89.7%
Fire
89.7%
% Correct
Fire
89.7%
my
89.7%
love
89.7%
my
89.7%
Fire
89.7%
Fire
89.7%
me
87.9%
ice,
87.9%
like
87.9%
ice,
87.9%
heart
87.9%
ice,
87.9%
like
87.9%
ice,
87.9%
heart
87.9%
ice
87.9%
ice,
87.9%
like
87.9%
ice,
87.9%
heart
87.9%
like
87.9%
ice,
87.9%
like
87.9%
ice
87.9%
of
86.2%
it
86.2%
it
86.2%
of
86.2%
it
86.2%
of
86.2%
don't
84.5%
wanna
84.5%
to
84.5%
wanna
84.5%
wanna
84.5%
But
84.5%
wanna
84.5%
I'll
82.8%
flame
82.8%
flame
82.8%
flame
82.8%
flame
82.8%
flame
82.8%
give
81%
for
81%
come
81%
give
81%
for
81%
come
81%
give
81%
come
81%
give
81%
come
81%
come
81%
Take
79.3%
Then
79.3%
take
79.3%
Then
79.3%
take
79.3%
Then
79.3%
take
79.3%
Then
79.3%
cold
77.6%
when
77.6%
when
77.6%
cold
77.6%
cold
77.6%
cold
77.6%
cold
77.6%
with
75.9%
I've
75.9%
I've
75.9%
turn
75.9%
little
75.9%
piece
75.9%
I've
75.9%
turn
75.9%
little
75.9%
piece
75.9%
turn
75.9%
little
75.9%
% Correct
piece
75.9%
turn
75.9%
turn
75.9%
'em
74.1%
'em
74.1%
'em
74.1%
just
74.1%
got
74.1%
just
74.1%
'em
74.1%
just
74.1%
got
74.1%
just
74.1%
so
72.4%
So
72.4%
shoulder
70.7%
every
70.7%
play
70.7%
shoulder
70.7%
know
70.7%
shoulder
70.7%
shoulder
70.7%
shoulder
70.7%
givin'
69%
seen
69%
before
69%
seen
69%
before
69%
they
69%
out
69%
seen
69%
before
69%
all
69%
out
69%
out
69%
burn
67.2%
burn
67.2%
playin'
63.8%
You'll
63.8%
It's
63.8%
it's
63.8%
You'll
63.8%
You'll
63.8%
won't
62.1%
tonight
56.9%
more
56.9%
tonight
56.9%
not
56.9%
fever
55.2%
tear
55.2%
leave
53.4%
apart
53.4%
put
53.4%
work
51.7%
advantage
51.7%
by
51.7%
think
50%
straight
48.3%
cryin'
48.3%
kill
48.3%
lights
48.3%
this
48.3%
figured
48.3%
without
48.3%
taken
48.3%
top,
46.6%
Movin'
44.8%
forget,
41.4%
away
41.4%
expert
41.4%
illusion
39.7%
field
39.7%
doubt
39.7%
passion
37.9%
inside
37.9%
methods
27.6%
fades
25.9%
pretty
24.1%
'Cause
22.4%
Please
5.2%

You're not logged in!

Compare scores with friends on all Sporcle quizzes.
Join for Free
OR
Log In

You Might Also Like...

Show Comments

Extras

Top Quizzes Today


Score Distribution

Your Account Isn't Verified!

In order to create a playlist on Sporcle, you need to verify the email address you used during registration. Go to your Sporcle Settings to finish the process.

Report this User

Report this user for behavior that violates our Community Guidelines.

Details: